Statistics for MLB American League Championship Series Losers

Click here to take the quiz!

General Stats

  • This quiz has been taken 34 times
    (18 since last reset)
  • The average score is 29 of 54

Answer Stats

YearTeam% Correct
2023Houston Astros
100%
2022New York Yankees
89%
2021Boston Red Sox
78%
2013Detroit Tigers
78%
2011Detroit Tigers
78%
2018Houstron Astros
78%
2019New York Yankees
78%
2017New York Yankees
78%
2016Toronto Blue Jays
78%
2015Toronto Blue Jays
78%
2014Baltimore Orioles
67%
2003Boston Red Sox
67%
1993Chicago White Sox
67%
2020Houston Astros
67%
2012New York Yankees
67%
2004New York Yankees
67%
2010New York Yankees
67%
1997Baltimore Orioles
56%
1996Baltimore Orioles
56%
2008Boston Red Sox
56%
1999Boston Red Sox
56%
2007Cleveland Indians
56%
1998Cleveland Indians
56%
2009Los Angeles Angels
56%
2005Los Angeles Angels
56%
2006Oakland Athletics
56%
2000Seattle Mariners
56%
2001Seattle Mariners
56%
1995Seattle Mariners
56%
1973Baltimore Orioles
44%
1974Baltimore Orioles
44%
1990Boston Red Sox
44%
1988Boston Red Sox
44%
1972Detroit Tigers
44%
1987Detroit Tigers
44%
1970Minnesota Twins
44%
1969Minnesota Twins
44%
2002Minnesota Twins
44%
1980New York Yankees
44%
1975Oakland Athletics
44%
1971Oakland Athletics
44%
1985Toronto Blue Jays
44%
1991Toronto Blue Jays
44%
1989Toronto Blue Jays
44%
1986California Angels
33%
1982California Angels
33%
1979California Angels
33%
1983Chicago White Sox
33%
1984Kansas City Royals
33%
1976Kansas City Royals
33%
1978Kansas City Royals
33%
1977Kansas City Royals
33%
1981Oakland Athletics
33%
1992Oakland Athletics
33%

Score Distribution

Percentile by Number Answered

Percent of People with Each Score

Your Score History

You have not taken this quiz since the last reset